Normal view
MARC view
- National Institute of Pakistan Studies.
Entry Corporate Name
001 - CONTROL NUMBER
- control field: 12659
003 - CONTROL NUMBER IDENTIFIER
- control field: NUST
005 - DATE AND TIME OF LATEST TRANSACTION
- control field: 20181210051430.0
008 - FIXED-LENGTH DATA ELEMENTS
- fixed length control field: 181210|| aca||aabn | a|a d
040 ## - CATALOGING SOURCE
- Original cataloging agency: NUST
- Transcribing agency: NUST
110 ## - HEADING--CORPORATE NAME
- Corporate name or jurisdiction name as entry element: National Institute of Pakistan Studies.
- Subordinate unit: Quaid-i-Azam Chair.
670 ## - SOURCE DATA FOUND
- Source citation: Work cat.: (NUST)0: Hussain, Ijaz. 12657, Kashmir dispute :, c1998.
